Geothermal Energy Symposium : presented at [the] Eleventh Annual Energy-Source Technology Conference and Exhibit, New Orleans, Louisiana, January 10-13, 1988 /

Bibliographic Details
Corporate Authors: Geothermal Energy Symposium : New Orleans, La., Energy-Sources Technology Conference and Exhibition, American Society of Mechanical Engineers. Petroleum Division, American Society of Mechanical Engineers. Advanced Energy Systems Division
Other Authors: Rowley, John C., Rollins, J. T., Blaine, C., Abe, H.
Format: Conference Proceeding Book
Language:English
Published: New York, N.Y. (345 E. 47th St., New York 10017) : Davis, California : American Society of Mechanical Engineers ; Geothermal Resources Council, [1988]
Subjects:

MARC

Tag First Indicator Second Indicator Subfields
LEADER 00000cam a2200000 a 4500
001 in00000019762
005 20151007053721.0
008 880328s1988 nyua b 10110 eng d
020 |a 0934412774 
035 |a (OCoLC)17689683 
035 |9 AAB2587AM 
040 |a TXA  |c TXA  |d EYW  |d IXA  |d TXA  |d UtOrBLW 
049 |a TXAM  |c [A11072172] 
050 4 |a TJ163.27  |b .G46 1988 
111 2 |a Geothermal Energy Symposium :  |d (1988 :  |c New Orleans, La.) 
245 1 0 |a Geothermal Energy Symposium :  |b presented at [the] Eleventh Annual Energy-Source Technology Conference and Exhibit, New Orleans, Louisiana, January 10-13, 1988 /  |c sponsored by ASME Petroleum and Advanced Energy Systems Division, Geothermal Resources Council ; chairman, J.C. Rowley, co-chairman, J.T. Rollins, vice-chairmen, C. Blaine and H. Abe. 
264 1 |a New York, N.Y. (345 E. 47th St., New York 10017) :  |b American Society of Mechanical Engineers ;  |a Davis, California :  |b Geothermal Resources Council,  |c [1988] 
264 4 |c ©1988 
300 |a 420 pages :  |b illustrations ;  |c 28 cm. 
336 |a text  |b txt  |2 rdacontent 
337 |a unmediated  |b n  |2 rdamedia 
338 |a volume  |b nc  |2 rdacarrier 
500 |a Cover title: Geothermal Energy Symposium, 1988. 
504 |a Includes bibliographies and index. 
650 0 |a Power resources  |x Environmental aspects  |z United States. 
650 0 |a Geothermal resources  |x Environmental aspects  |x Congresses. 
650 0 |a Geothermal engineering  |x Environmental aspects  |z United States  |x Congresses. 
700 1 |a Rowley, John C. 
711 2 |a Energy-Sources Technology Conference and Exhibition  |n (11th :  |d 1988 :  |c New Orleans, La.) 
710 2 |a American Society of Mechanical Engineers.  |b Petroleum Division. 
710 2 |a American Society of Mechanical Engineers.  |b Advanced Energy Systems Division. 
700 1 |a Rollins, J. T. 
700 1 |a Blaine, C. 
700 1 |a Abe, H. 
740 0 |a Geothermal Energy Symposium, 1988. 
999 |a MARS 
999 f f |s 91f86db1-9d68-39ea-bb4a-ef94f85ffab7  |i 48bba3bd-51a3-3c81-80f2-93ac5dddd6b7  |t 0 
952 f f |p ric  |a Texas A&M University  |b Rellis Campus  |c Joint Library Facility  |d Remote Storage  |t 0  |e TJ163.27 .G46 1988  |h Library of Congress classification  |i unmediated -- volume  |m A14811072172 
998 f f |a TJ163.27 .G46 1988  |t 0  |l Remote Storage